000 00304nam a2200121Ia 4500
008 210430s9999 xx 000 0 und d
020 _a0-7493-0075-2
082 _a954.B5759D
100 _aBe Nazir Bhutto
_954556
245 _aDaughter of The East
_cBe Nazir Bhutto
300 _a402
942 _cBK
_2ddc
999 _c565176
_d565176